00373nam a2200181Ia 4500003000900000008004100009040001300050040001300063041000800076100001700084245002900101250001200130260001300142260000900155300001100164300001000175490000600185IT-RoPAU120407s9999 xx 000 0 und d aIT-RoPAU cIT-RoPAU aita aLuciano Radi aUn grappolo di tonache.  aMilano  aRusconi  c1981 a188 p. c22 cm v1